[Event "FRA-ch Blitz Online Qual"]
[Site "Europe Echecs INT"]
[Date "2020.05.16"]
[Round "2"]
[White "Zanin, Dario"]
[Black "Travadon, Loic"]
[Result "0-1"]
[WhiteElo "1918"]
[BlackElo "2431"]
[PlyCount "78"]
[EventDate "2020.05.16"]
[EventType "swiss (blitz)"]
[EventRounds "15"]
[EventCountry "FRA"]
[SourceTitle "CBM 196 Extra"]
[Source "ChessBase"]
[SourceDate "2020.07.31"]
[SourceVersion "1"]
[SourceVersionDate "2020.07.31"]
[SourceQuality "1"]

1. e4 c5 2. Nf3 e6 3. d4 cxd4 4. Nxd4 Nf6 5. Nc3 Nc6 6. Ndb5 Bc5 7. Nd6+ Ke7 8. Nxc8+ Rxc8 9. Bd3 h5 10. 0-0 Qc7 11. Na4 Bd4 12. c3 Ng4 13. g3 Bxf2+ 14. Rxf2 Nxf2 15. Kxf2 h4 16. Bf4 hxg3+ 17. Bxg3 Rxh2+ 18. Bxh2 Qxh2+ 19. Ke3 Ne5 20. Qe2 Qg3+ 21. Kd2 Nf3+ 22. Kd1 Qg1+ 23. Qf1 Qg3 24. Be2 Ne5 25. Kc2 Rh8 26. Rd1 Rh2 27. Kb1 Qe3 28. Bb5 a6 29. Bxd7 Rf2 30. Qh1 Nxd7 31. Qh4+ g5 32. Qh1 Qe2 33. Re1 Qc2+ 34. Ka1 Qxa4 35. Qg1 Qc2 36. Qxg5+ Ke8 37. Rb1 Rd2 38. Qg8+ Nf8 39. Qg5 Rd1 0-1

[Event "Conegliano op"]
[Site "Conegliano"]
[Date "2008.06.02"]
[Round "6"]
[White "D'Alessio, Angelo"]
[Black "Zanin, Dario"]
[Result "1-0"]
[WhiteElo "1976"]
[BlackElo "2054"]
[PlyCount "76"]
[EventDate "2008.05.31"]
[EventType "swiss"]
[EventRounds "6"]
[EventCountry "ITA"]
[SourceTitle "CBM 124 Extra"]
[Source "ChessBase"]
[SourceDate "2008.07.03"]
[SourceVersion "1"]
[SourceVersionDate "2008.07.03"]
[SourceQuality "1"]

1. e4 e5 2. Nf3 Nc6 3. Bb5 a6 4. Ba4 Nf6 5. d3 b5 6. Bb3 d6 7. c3 Be7 8. 0-0 0-0 9. Re1 Bb7 10. Nbd2 Nb8 11. Nf1 Nbd7 12. Ng3 Re8 13. a3 Bf8 14. Ba2 g6 15. b4 Bg7 16. Qb3 d5 17. Bg5 h6 18. Bxf6 Nxf6 19. Rad1 Qc8 20. d4 Re7 21. dxe5 Nxe4 22. Bb1 Nxg3 23. hxg3 Qe8 24. Rd2 Bxe5 25. Rde2 Bf6 26. Rxe7 Bxe7 27. c4 Qd8 28. cxb5 axb5 29. Qd3 c6 30. Ne5 Qd6 31. f4 f5 32. Nxg6 Qxg6 33. Rxe7 Bc8 34. Qe3 Kf8 35. Qd4 h5 36. Rc7 Be6 37. Qh8+ Bg8 38. Bxf5 Qd6 1-0

[Event "Conegliano op"]
[Site "Conegliano"]
[Date "2008.06.02"]
[Round "5"]
[White "Zanin, Dario"]
[Black "Astengo, Marcello"]
[Result "0-1"]
[WhiteElo "2054"]
[BlackElo "2064"]
[PlyCount "78"]
[EventDate "2008.05.31"]
[EventType "swiss"]
[EventRounds "6"]
[EventCountry "ITA"]
[SourceTitle "CBM 124 Extra"]
[Source "ChessBase"]
[SourceDate "2008.07.03"]
[SourceVersion "1"]
[SourceVersionDate "2008.07.03"]
[SourceQuality "1"]

1. e4 e6 2. d4 d5 3. Nc3 Bb4 4. e5 Nd7 5. Qg4 Bf8 6. Bg5 Ne7 7. 0-0-0 c6 8. Nh3 Nb6 9. Bd3 Qd7 10. f4 Nf5 11. Bxf5 exf5 12. Qf3 Qc7 13. Nf2 Nc4 14. Rhe1 Bb4 15. Rd3 Qb6 16. Nfd1 Bxc3 17. Rxc3 Qxd4 18. Rd3 Qc5 19. h3 Qa5 20. b3 Qxe1 21. bxc4 Be6 22. Rd2 h6 23. Re2 Qa5 24. Bh4 Qxa2 25. g4 0-0 26. gxf5 Bxf5 27. Ne3 Qa1+ 28. Kd2 Qd4+ 29. Kc1 Qe4 30. Qf1 dxc4 31. Ng4 Qd4 32. Qg2 Qxf4+ 33. Kb1 Bxg4 34. hxg4 c3 35. Re4 Qd2 36. Qf3 Qd5 37. Kc1 Rae8 38. Bg3 Rd8 39. Bf4 Qa5 0-1

[Event "Conegliano op"]
[Site "Conegliano"]
[Date "2008.06.01"]
[Round "3"]
[White "Zanin, Dario"]
[Black "Zanirato, Stefano"]
[Result "1/2-1/2"]
[WhiteElo "2054"]
[BlackElo "1970"]
[PlyCount "112"]
[EventDate "2008.05.31"]
[EventType "swiss"]
[EventRounds "6"]
[EventCountry "ITA"]
[SourceTitle "CBM 124 Extra"]
[Source "ChessBase"]
[SourceDate "2008.07.03"]
[SourceVersion "1"]
[SourceVersionDate "2008.07.03"]
[SourceQuality "1"]

1. e4 Nc6 2. d4 d5 3. e5 a6 4. f4 Bf5 5. c3 e6 6. Bd3 Nh6 7. Nf3 Be7 8. a4 Na5 9. Bxf5 Nxf5 10. b3 b5 11. axb5 axb5 12. Qd3 c6 13. Nbd2 0-0 14. 0-0 h5 15. Bb2 Qb6 16. Ra2 Ra7 17. b4 Nc4 18. Rxa7 Nxb2 19. Qb1 Qxa7 20. Qxb2 Ra8 21. Nb3 Qa3 22. Rb1 Qxb2 23. Rxb2 Ne3 24. Nfd2 Ra3 25. Nb1 Ra6 26. Re2 Nc4 27. Kf1 g5 28. g3 Kg7 29. Kf2 Kg6 30. fxg5 Bxg5 31. Kf3 Be7 32. h3 f5 33. h4 Ra4 34. Rc2 Ra8 35. N1d2 Kf7 36. Nxc4 dxc4 37. Na5 c5 38. dxc5 Bxc5 39. Nc6 Rc8 40. Na5 Bb6 41. Nb7 Bc7 42. Re2 Ra8 43. Kf4 Ra7 44. Nc5 Bb6 45. Kg5 Bxc5 46. bxc5 Rc7 47. Kxh5 Rxc5 48. Kg5 Rc8 49. Rb2 Rc5 50. Kf4 Kg6 51. Rd2 b4 52. cxb4 c3 53. Rc2 Rc4+ 54. Kf3 Rxb4 55. Rxc3 Kh5 56. Re3 Rb5 1/2-1/2

[Event "Padova Weekend op-B 8th"]
[Site "Padova"]
[Date "2005.12.11"]
[Round "3.1"]
[White "Zanin, Dario"]
[Black "Dvirnyy, Danyyil"]
[Result "1/2-1/2"]
[WhiteElo "2044"]
[BlackElo "2272"]
[PlyCount "67"]
[EventDate "2005.12.10"]
[EventType "swiss"]
[EventRounds "6"]
[EventCountry "ITA"]
[SourceTitle "EXT 2024"]
[Source "ChessBase"]
[SourceDate "2023.10.10"]
[SourceVersion "1"]
[SourceVersionDate "2023.10.10"]
[SourceQuality "1"]

1. Nf3 Nf6 2. c4 Nc6 3. Nc3 e5 4. g3 d5 5. cxd5 Nxd5 6. d3 Be7 7. Bg2 Nb6 8. Be3 0-0 9. 0-0 Re8 10. Rc1 Bf8 11. Na4 Nd4 12. Nc5 Nxf3+ 13. Bxf3 Nd5 14. Bd2 c6 15. b4 b6 16. Nb3 Bb7 17. a3 Qd7 18. Rc2 Rad8 19. Qc1 f5 20. Bg5 Rc8 21. e4 Ne7 22. Rd1 fxe4 23. Bxe4 Nf5 24. Qb2 g6 25. Rdc1 Bg7 26. a4 Nd6 27. Bg2 e4 28. Qa2 Kh8 29. dxe4 Nxe4 30. Be3 Qd3 31. Bf1 Qd6 32. Bg2 Qd3 33. Bf1 Qd6 34. Bg2 1/2-1/2

[Event "Venice Autumn op 09th"]
[Site "Venice"]
[Date "2003.10.31"]
[Round "2"]
[White "Solinas, Carlo"]
[Black "Zanin, Dario"]
[Result "1-0"]
[WhiteElo "2065"]
[BlackElo "2039"]
[PlyCount "97"]
[EventDate "2003.10.30"]
[EventType "swiss"]
[EventRounds "6"]
[EventCountry "ITA"]
[SourceTitle "EXT 2004"]
[Source "ChessBase"]
[SourceDate "2003.11.25"]
[SourceVersion "1"]
[SourceVersionDate "2003.11.25"]
[SourceQuality "1"]

1. e4 e5 2. d4 exd4 3. f4 Bc5 4. Bd3 d6 5. Nf3 Nc6 6. a3 a6 7. 0-0 Bg4 8. h3 Bxf3 9. Qxf3 Qf6 10. Nd2 Nge7 11. e5 Qh4 12. Kh2 Ng6 13. Ne4 0-0-0 14. Ng5 Rdf8 15. g3 Qh6 16. b4 Ba7 17. Bxa6 Nd8 18. exd6 bxa6 19. Qa8+ Bb8 20. Qxa6+ Kd7 21. Qb5+ Nc6 22. Qf5+ Kd8 23. b5 Na7 24. Qd5 cxd6 25. Qb7 Ne7 26. Qxb8+ Nac8 27. Bd2 f6 28. Ne6+ Ke8 29. Nxf8 Rxf8 30. Rae1 Kf7 31. Qc7 Re8 32. Re2 Qh5 33. Qc4+ d5 34. Qd3 Nd6 35. g4 Qh4 36. Be1 Qh6 37. Qxd4 Rc8 38. b6 Rc4 39. Qe3 Re4 40. Qf3 f5 41. Rxe4 Nxe4 42. b7 Qb6 43. Qb3 Qa6 44. Rf2 Nxf2 45. Bxf2 fxg4 46. b8Q Qe2 47. Qg3 Nf5 48. Qc7+ Kf8 49. Qc8+ 1-0

[Event "Internet Section 18-A"]
[Site "Dos Hermanas"]
[Date "2003.03.18"]
[Round "1"]
[White "Zanin, Dario"]
[Black "Murdzia, Piotr"]
[Result "0-1"]
[WhiteElo "2039"]
[BlackElo "2418"]
[PlyCount "108"]
[EventDate "2003.03.18"]
[EventType "swiss (blitz)"]
[EventRounds "9"]
[EventCountry "ESP"]
[SourceTitle "EXT 2004"]
[Source "ChessBase"]
[SourceDate "2003.11.25"]
[SourceVersion "1"]
[SourceVersionDate "2003.11.25"]
[SourceQuality "1"]

1. c4 e5 2. g3 g6 3. Nc3 Bg7 4. Bg2 Nf6 5. d3 0-0 6. e4 c6 7. Nf3 d6 8. 0-0 a6 9. Bd2 b5 10. b3 Nbd7 11. Rc1 Bb7 12. Qe2 Re8 13. Bh3 Qe7 14. Rfe1 Rad8 15. Kh1 Bc8 16. Bg2 Nc5 17. b4 Ne6 18. cxb5 axb5 19. a4 bxa4 20. Nxa4 Bb7 21. Be3 Ng4 22. Bb6 Ra8 23. Ba5 h5 24. h3 Nf6 25. Nb6 Ra6 26. Qc2 Nd7 27. Nxd7 Qxd7 28. Bf1 Raa8 29. Kh2 Rec8 30. Qb1 Ba6 31. Red1 Bb5 32. Kg2 Qb7 33. Kh2 Qa7 34. Kg2 Qa6 35. Qb3 Qa7 36. Qb1 Bh6 37. Rc2 Ba4 38. Ra2 Bxd1 39. Qxd1 Bg7 40. Be2 d5 41. Qb3 Qd7 42. h4 Rab8 43. Qa4 Qd6 44. Rc2 Bf8 45. b5 cxb5 46. Qb3 Rxc2 47. Qxc2 b4 48. Qb3 Rb5 49. d4 Rxa5 50. dxe5 Qd8 51. exd5 Qxd5 52. Bc4 Qc6 53. Kh2 Ra3 54. Qc2 Rxf3 0-1

[Event "Internet Section 17-B"]
[Site "Dos Hermanas"]
[Date "2003.03.17"]
[Round "1"]
[White "Kireev, Aleksei"]
[Black "Zanin, Dario"]
[Result "1-0"]
[WhiteElo "2271"]
[BlackElo "2039"]
[PlyCount "133"]
[EventDate "2003.03.17"]
[EventType "swiss (blitz)"]
[EventRounds "9"]
[EventCountry "ESP"]
[SourceTitle "EXT 2004"]
[Source "ChessBase"]
[SourceDate "2003.11.25"]
[SourceVersion "1"]
[SourceVersionDate "2003.11.25"]
[SourceQuality "1"]

1. d4 Nf6 2. Bg5 Ne4 3. Bh4 c5 4. f3 g5 5. fxe4 gxh4 6. e3 Bh6 7. Kf2 cxd4 8. exd4 Qb6 9. Nc3 e6 10. Nf3 Nc6 11. Na4 Qc7 12. c3 Qf4 13. Qe1 Rg8 14. Nc5 d6 15. Nd3 Qg4 16. e5 d5 17. h3 Qg3+ 18. Ke2 Bd7 19. Qf2 0-0-0 20. Nxh4 Na5 21. Qxg3 Rxg3 22. Nf3 Bb5 23. Kf2 Rdg8 24. Nde1 Bxf1 25. Rxf1 Nc4 26. b3 Ne3 27. Rg1 Nf5 28. Nc2 Kd7 29. c4 dxc4 30. bxc4 Kc7 31. d5 Kd7 32. Rab1 b6 33. Rb3 exd5 34. cxd5 Ne7 35. Rd3 Nf5 36. Ncd4 Nh4 37. Ne1 Rxd3 38. Nxd3 Rc8 39. e6+ fxe6 40. dxe6+ Ke7 41. g3 Ng6 42. Nf5+ Kxe6 43. Nxh6 Rc2+ 44. Ke3 Rxa2 45. Ng4 Ra3 46. Rf1 b5 47. Kd4 a5 48. Re1+ Kd6 49. Ne3 a4 50. Nf5+ Kd7 51. Ne5+ Nxe5 52. Rxe5 b4 53. Re7+ Kc6 54. Rxh7 Rf3 55. Rf7 Rb3 56. Kc4 Rb1 57. Rf6+ Kd7 58. Nd4 a3 59. Ra6 Rg1 60. Kxb4 Rxg3 61. Rxa3 Rxa3 62. Kxa3 Ke7 63. Ne2 Kf6 64. Ng1 Kg5 65. Kb4 Kh4 66. Kc4 Kg3 67. Kd4 1-0

[Event "Cannes"]
[Site "Cannes"]
[Date "1999.??.??"]
[Round "1"]
[White "Vasilev, Milen"]
[Black "Zanin, Dario"]
[Result "1/2-1/2"]
[WhiteElo "2312"]
[BlackElo "2027"]
[PlyCount "43"]
[EventDate "1999.02.??"]
[EventType "k.o."]
[EventRounds "7"]
[EventCountry "FRA"]
[SourceTitle "EXT 2000"]
[Source "ChessBase"]
[SourceDate "1999.11.16"]
[SourceVersion "1"]
[SourceVersionDate "1999.11.16"]
[SourceQuality "1"]

1. d4 Nf6 2. Bg5 g6 3. Bxf6 exf6 4. g3 Bg7 5. Bg2 0-0 6. e3 d5 7. Ne2 Bf5 8. Nd2 c6 9. 0-0 Na6 10. a3 Nc7 11. Rc1 Qd7 12. Re1 Bh6 13. c4 dxc4 14. Nxc4 Bh3 15. Bh1 Nd5 16. Nc3 Rac8 17. Qf3 Nxc3 18. Rxc3 Kg7 19. Na5 Bg4 20. Qg2 Bh3 21. Qe4 Bf5 22. Qg2 1/2-1/2